000 00569nam a2200241Ia 4500
003 OSt
005 20221007115727.0
006 a|||||r|||| 00| 0
007 ta
008 221006b |||||||| |||| 00| 0 eng d
024 _a37,979
037 _cTextual
040 _aLCO
_cLCO
_beng
041 _2eng
_aeng
082 _aZ2,9298, Q8
100 _aENDICOTT Timothy
_9461459
245 0 _aAdministrative Law
250 _a4th
260 _c2018
300 _a644
942 _hZ2,9298, Q8
_cTEXL
999 _c1207542
_d1207542